000 00896nam a2200253Ia 4500
003 OSt
005 20220930092148.0
006 a|||||r|||| 00| 0
007 ta
008 220926b |||||||| |||| 00| 0 eng d
024 _a12471
037 _cTheses
040 _aCRL
_cCRL
_beng
041 _2eng
_aeng
100 _aSharma Vivek
110 _aUniversity of Delhi. Faculty of Medical Science. Department of Anaesthesiology and Critical Care
_9544126
245 0 _aEfficacy and safety of dexmederomidine an intrathecal adjuvant to hyperbatic bupivacaine in orthopaedic lower limb surgery
260 _c2014
650 _aMEDICINE
700 _a Chaudhary Sujata Gu.
_9544328
700 _aUniversity of Delhi. Faculty of Medical Science. Department of Anaesthesiology and Critical Care
_9544128
942 _cDIS
_2CC
999 _c883333
_d883333